LEADER 01661nam 2200541 a 450 001 9910456605403321 005 20200520144314.0 010 $a1-62100-148-2 035 $a(CKB)2550000000046891 035 $a(OCoLC)750173571 035 $a(CaPaEBR)ebrary10686311 035 $a(SSID)ssj0000568791 035 $a(PQKBManifestationID)12243376 035 $a(PQKBTitleCode)TC0000568791 035 $a(PQKBWorkID)10536649 035 $a(PQKB)11410141 035 $a(MiAaPQ)EBC3021987 035 $a(Au-PeEL)EBL3021987 035 $a(CaPaEBR)ebr10686311 035 $a(EXLCZ)992550000000046891 100 $a20100813d2011 uy 0 101 0 $aeng 135 $aurcn||||||||| 181 $ctxt 182 $cc 183 $acr 200 00$aCellular automata$b[electronic resource] /$fThomas M. Li, editor 210 $aNew York $cNova Science Publishers, Inc.$dc2011 215 $a1 online resource (309 p.) 225 1 $aMathematics research developments 225 1 $aComputer science, technology and applications 300 $aBibliographic Level Mode of Issuance: Monograph 311 $a1-61761-592-7 320 $aIncludes bibliographical references and index. 410 0$aMathematics research developments series. 410 0$aComputer science, technology and applications. 606 $aCellular automata 608 $aElectronic books. 615 0$aCellular automata. 676 $a511.3/5 701 $aLi$b Thomas M$0885462 801 0$bMiAaPQ 801 1$bMiAaPQ 801 2$bMiAaPQ 906 $aBOOK 912 $a9910456605403321 996 $aCellular automata$91977241 997 $aUNINA LEADER 01635nam 2200529 450 001 9910467929203321 005 20200520144314.0 010 $a1-78570-326-9 010 $a1-78570-324-2 035 $a(CKB)4340000000201892 035 $a(MiAaPQ)EBC5041437 035 $a(Au-PeEL)EBL5041437 035 $a(CaPaEBR)ebr11437437 035 $a(CaONFJC)MIL1035190 035 $a(OCoLC)1004190555 035 $a(EXLCZ)994340000000201892 100 $a20171014h20172017 uy 0 101 0 $aeng 135 $aurcnu|||||||| 181 $2rdacontent 182 $2rdamedia 183 $2rdacarrier 200 00$aDeath as a process /$fedited by John Pearce and Jake Weekes 210 1$aOxford, [England] ;$aPhiladelphia, [Pennsylvania] :$cOxbow Books,$d2017. 210 4$dİ2017 215 $a1 online resource (311 pages) 225 1 $aStudies in Funerary Archaeology ;$vVolume 12 311 $a1-78570-323-4 320 $aIncludes bibliographical references. 410 0$aStudies in funerary archaeology ;$vVolume 12. 606 $aFuneral rites and ceremonies$zRome 606 $aHuman remains (Archaeology) 606 $aFuneral rites and ceremonies, Ancient 608 $aElectronic books. 615 0$aFuneral rites and ceremonies 615 0$aHuman remains (Archaeology) 615 0$aFuneral rites and ceremonies, Ancient. 676 $a393/.930937 702 $aPearce$b John$f1969- 702 $aWeekes$b Jake 801 0$bMiAaPQ 801 1$bMiAaPQ 801 2$bMiAaPQ 906 $aBOOK 912 $a9910467929203321 996 $aDeath as a process$92472255 997 $aUNINA LEADER 01167nam0-22003251i-450 001 990004576100403321 005 20230608152915.0 035 $a000457610 035 $aFED01000457610 035 $a(Aleph)000457610FED01 035 $a000457610 100 $a19990604d1923----km-y0itay50------ba 101 0 $alat$agrc 105 $ay-------001yy 200 1 $aFontes historiae mysteriorum aevi hellenistici e Graecis et Latinis scriptoribus selegit brevi adnotatione intruxit$fNicolaus Turchi 210 $aRoma$cLibreria di cultura$d1923 215 $aVIII, 304 p.$d21 cm 225 1 $aCollezione "Graphe'"$v3 610 0 $aMisteri eleusini - fonti greche e latine 610 0 $aMisteri orfici - fonti greche e latine 610 0 $aMisteri - Religioni orientali - Fonti greche e latine 676 $a292 700 1$aTurchi,$bNicola$c<1882-1958>$0326653 801 0$aIT$bUNINA$gRICA$2UNIMARC 901 $aBK 912 $a990004576100403321 952 $a6/III E 34$bBibl. 96$fFLFBC 959 $aFLFBC 996 $aFontes historiae mysteriorum aevi hellenistici e Graecis et Latinis scriptoribus selegit brevi adnotatione intruxit$93367190 997 $aUNINA